Fragen aus der Wissenschaft - Buchstabe V - Statistiken

Allgemein
  • Dieses Quiz wurde 90 mal gespielt
  • Das Durchschnittsergebnis liegt bei 11 aus 20
Antwortstatistiken
Hinweis Antwort % Korrekt
Räumlicher Inhalt eines geometrischen Körpers Volumen
95%
Austrittspunkt von heißem flüssigem Material aus dem Erdinneren Vulkan
93%
Veränderliche Größe in der Mathematik Variable
88%
Raum mit weitgehender Abwesenheit von Materie Vakuum
85%
Essentieller Nährstoff, der beim Fehlen zu Mangelerscheinung führt Vitamin
85%
Infektiöses Partikel aus Erbmaterial und Hülle Virus
83%
Experimentelle Untersuchung in Naurwissenschaften Versuch
77%
Vorrichtung zum Ein-, Aus-, Durchlassen von Flüssigkeiten oder Gasen Ventil
69%
Gesamtheit der Pflanzen in einem Gebiet Vegetation
64%
Maß für Zähigkeit einer Flüssigkeit oder Gas Viskosität
61%
Gewürz aus fermentierten Schoten einer Orchideenart Vanille
51%
Fleischfressende Pflanze aus der Familie der Sonnentaugewächse Venusfliegenfalle
51%
Metall mit der Ordnungszahl 23 - Legierungszusatz von Stahl Vanadium
49%
Italienischer Seefahrer und Entdecker - Namensgeber Amerikas Amerigo Vespucci
47%
Mittel zur Immunisierung - wörtlich: "von Kühen stammend" Vakzin
44%
Französischer Historiker und Philosoph der europäischen Aufklärung Voltaire
33%
Französischer Literat, Schöpfer des wissenschaftlichen Romans Jules Verne
27%
Überprüfung und Nachweis, dass eine Hypothese richtig ist Verifikation
19%
Überträger von infektiösen Krankheitserregern, z. B. ein Tier oder der Mensch Vektor
9%
Deutscher Pathologe - Herausgeber des Archivs für pathologische Anatomie Rudolf Virchow
8%
Keine übereinstimmenden Quizze gefunden
Verteilung der Resultate
Anzahl Personen mit jedem Resultat
Perzentil nach korrekt beantworteten Fragen
Ihre Resultats-Entwicklung
Sie haben dieses Quiz noch nicht gespielt